000 01408nac a22005050a 4500
001 PT51749
003 AR-LpoUNG
005 20210201005510.0
008 201001s1976||||sp |||||||||||||||||spa d
020 _a847113196X
_c$4
040 _aAR-LpoUNG
_bspa
_eaacr
041 _aspa
044 _asp
082 0 _aR920.02 844v3
100 1 _aHampl, Franz
245 1 0 _aAlejandro Magno
250 _a1§ ed.
260 _aBilbao :
_bMoretón,
_c1976.
300 _a424 p. :
_bfot.
_a(10
_fVolúmenes)
_3Impreso
490 0 _aGrandes Biografías
505 0 _aContenido: Alejandro Magno / Franz Hampl - Edison / Ramiro Pinilla - Abraham Lincoln / Herbert Agar - Stalin / Gustav Hilger
650 4 _aANALISIS HISTORICO
650 4 _aBIOGRAFIAS
650 4 _aCOMUNISMO
650 4 _aESCLAVITUD
650 4 _aESTADOS UNIDOS
650 4 _aIDEOLOGIAS POLITICAS
650 4 _aINVENTORES
650 4 _aJEFES DE ESTADO
650 4 _aMATERIAL DE REFERENCIA
650 4 _aREVOLUCION
651 4 _aDOCUMENTOS TEORICOS O METODOLOGICOS
653 _aEDISON, THOMAS ALVA
653 _aMONARQUIA
653 _aREYES
653 _aSTALIN, IOSIF
700 1 _aAgar, Herbert
700 1 _aGancho, Claudio
_etr.
700 1 _aGonzález, Antonio
_etr.
700 1 _aHilger, Gustav
700 1 _aPinilla, Ramiro
700 1 _aPozo, Carlos del
_etr.
905 _a51749
942 _cLSALA
999 _c49885
_d49885